Lectures on lie groups and lie algebras (Record no. 80683)
[ view plain ]
| 000 -LEADER | |
|---|---|
| fixed length control field | 01234nam a2200241 a 4500 |
| 008 - FIXED-LENGTH DATA ELEMENTS--GENERAL INFORMATION | |
| fixed length control field | 120416s1995 ||||||||||||||||| || u |
| 020 ## - INTERNATIONAL STANDARD BOOK NUMBER | |
| International Standard Book Number | 0521499224 |
| 050 ## - LIBRARY OF CONGRESS CALL NUMBER | |
| Classification number | QA 252.3 Car |
| 100 ## - MAIN ENTRY--PERSONAL NAME | |
| Personal name | Segal, Graeme |
| 245 10 - TITLE STATEMENT | |
| Title | Lectures on lie groups and lie algebras |
| 260 ## - PUBLICATION, DISTRIBUTION, ETC. | |
| Place of publication, distribution, etc. | Cambridge: |
| Name of publisher, distributor, etc. | Cambridge University Press |
| Date of publication, distribution, etc. | 1995 |
| 300 ## - PHYSICAL DESCRIPTION | |
| Extent | viii, 190p. : ill. |
| 350 ## - | |
| -- | 0.00 |
| 500 ## - GENERAL NOTE | |
| General note | 'Based on the three introductory lecture courses given at the LMS-SERC Instructional Conference on Lie theory and algebraic groups held at Lancaster University in September 1993. |
| 650 #0 - SUBJECT ADDED ENTRY--TOPICAL TERM | |
| Topical term or geographic name entry element | ALGEBRAS, LINEAR |
| 650 ## - SUBJECT ADDED ENTRY--TOPICAL TERM | |
| Topical term or geographic name entry element | Lie algebras |
| 650 ## - SUBJECT ADDED ENTRY--TOPICAL TERM | |
| Topical term or geographic name entry element | LIE GROUPS |
| 700 ## - ADDED ENTRY--PERSONAL NAME | |
| Personal name | Macdonald, I. G. (Ian Grant) |
| 700 ## - ADDED ENTRY--PERSONAL NAME | |
| Personal name | Carter, Roger W. (Roger William) |
| 995 ## - | |
| -- | ANNEX COLLECTION (Main Library) |
| -- | 0.00 |
| -- | 727894 |
| -- | CBU-MAIN LIBRARY (Kitwe) |
| -- | 1 |
| -- | 50.00 |
| -- | QA 252.3 Car |
| -- | 1 |
| -- | AVAILABLE |
| -- | 026255 |
| -- | Annex Low-Usage Collection |
| 995 ## - | |
| -- | ANNEX COLLECTION (Main Library) |
| -- | 0.00 |
| -- | 727893 |
| -- | CBU-MAIN LIBRARY (Kitwe) |
| -- | 2 |
| -- | 50.00 |
| -- | QA 252.3 Car |
| -- | 2 |
| -- | AVAILABLE |
| -- | 026254 |
| -- | Annex Low-Usage Collection |
| 995 ## - | |
| -- | ANNEX COLLECTION (Main Library) |
| -- | 0.00 |
| -- | 728976 |
| -- | CBU-MAIN LIBRARY (Kitwe) |
| -- | 3 |
| -- | 50.00 |
| -- | QA 252.3 Car |
| -- | 3 |
| -- | AVAILABLE |
| -- | 021005 |
| -- | Annex Low-Usage Collection |
| 999 ## - | |
| -- | 80683 |
| -- | 80683 |
No items available.